000 02161cam a22005054i 4500
003 PE-LiUPU
005 20250731173107.0
008 181205s2010 miua rb 001 0 eng d
020 _a080103695X
020 _a9780801036958
035 _a(Sirsi) a250915
040 _aPE-LiUPU
_bspa
_cPE-LiUPU
_erda
049 _aPRUA
082 0 4 _a261.83
_bB77
_223
100 1 _aBouma-Prediger, Steven,
_eautor.
245 1 0 _aFor the beauty of the earth :
_ba Christian vision for creation care /
_cSteven Bouma-Prediger.
250 _a2nd ed.
264 1 _aGrand Rapids :
_bBaker Academic,
_c2010.
300 _axvi,240 páginas :
_bilustraciones ;
_c23 centímetros.
336 _atext
_2rdacontent
337 _aunmediated
_2rdamedia
338 _avolume
_2rdacarrier
490 0 _aEngaging culture
504 _aBibliografía: páginas 185-231.
504 _aÍndice: páginas 232-240.
505 0 _aWhere are we? An ecological perception of place -- What's wrong with the world? The groaning of creation -- Is Christianity to blame? The ecological complaint against Christianity -- What is the connection between Scripture and ecology? Biblical wisdom and ecological vision -- How should we think of the earth? A theology and ethic of care for the earth -- What kind of people ought we be? Earth-care and character -- Why worry about Galapagos penguins and the jack pine? Arguments for earth-care -- Where is there hope? Christian faith at home on earth.
526 _aSEG42
526 _aSEG41
526 _aSEG40
526 _aSEG39
526 _aP94
526 _aP87
526 _aP86
526 _aP85
526 _aP77
526 _aP76
526 _aP35
650 1 8 _aEcología humana
_xAspectos religiosos
_xCristianismo.
910 _adbm
_brri
_crri
_d20181205
942 _2ddc
_cBOOK
994 _aC0
_bPEPRU
596 _a1
999 _a261.88 B77
_wDEWEY
_c30384
_i79331
_f2021-11-10
_g4
_lCCODEBUL1
_mBUL
_p16.00
_r0
_sY
_tBOOK
_u2018-12-5
_xTEOLOGIA
_PP85
_0DONACION
_1FCOMPR2
_o.STAFF. Colección Teología
_d30384
980 _81
_gALBERTO SANCHEZ Responsable de Automatización